Stacje Warszawskiego Metra, ale to Taco Hemingway - (wersja M1) - Statystyki

Ogólne statystyki
  • Ten quiz został rozwiązany 163 razy
  • Średni wynik to 20 z 23
Statystyki odpowiedzi
Tekst Stacja % Poprawnych
Jarzyna miał urodziny, pojechałem na Młociny
98%
Stale pijany, mijam [...] Stale nabuzowany, w starych ubraniach, stale zaspany Stare Bielany
96%
Rano kac dopiero przyszedł, gdy mijałem Wawrzyszew
95%
Jakbym był religijny to bym poszedł na spowiedź Ale mam kłopoty z Bogiem, myślę widząc Słodowiec
94%
Artysta z teką myśli, że jest Matejką, a może Banksym Ale brak mu wyobraźni, zaraz Dworzec Gdański
93%
Już wiem! Znowu nie uzupełniłem płynów Butle wody wprawiam w ruch, synu, już Ursynów
90%
Jedząc kanapkę, strasznie mlaszcze chłopak A to dopiero [...], chyba zaraz skonam Plac Wilsona
89%
*Refren (napisz słowo refren albo spróbuj się w faktycznym tekście) *refren*
89%
*Refren (napisz słowo refren albo spróbuj się w faktycznym tekście) *refren*
89%
Zamykam oczy i wróżę, że to już [...]Wraz z kebabem wsiedli ludzie, mieląc mięso w pyskach Świętokrzyska
89%
Powietrza wylot gdzieś przy metrze [...] Znów nie starczyło mi na wydech, muszę wyjść na ląd Marymont
86%
I nagle wiem, że wpadłem w tarapaty (uh) Ostatnia stacja: Kabaty
85%
W wagonie głucha cisza, zaraz metro [...]Wszyscy trochę zaniedbani, każdy pas zaciska Racławicka
85%
Chyba, fatalnie widzę, muszę ściąć włosy Mam tego już naprawdę dosyć, mijam Stokłosy
85%
Język spotyka zęby, a tam wina posmak. Ale to już ostatnia kropla, zaraz Wilanowska
84%
(Następna Stacja): [...] Przedniojęzykowe "ł", a ja cierpię katusze teraz Ratusz Arsenał
82%
Męczy mnie ból, gdy mijam [...]Jakiś typ chce moje miejsce chyba, stoi i łypie Politechnika
81%
Panowie bez żon, penisy ich świerzbią Rozmawiają o kobietach, kiedy mijamy Wierzbno
81%
Słyszę grę na krześle, to musi być [...]Nawet nieźle, niech ktoś werbel mu kupi i wręczy mu Centrum
79%
Wczoraj demony, chyba piłem z nimi kielich Błagały, żebym dzielił się z nimi, zaraz Imielin
74%
(NASTĘPNA STACJA): [...] Zakonnica zasmucona czyta Słowo Boskie Pole Mokotowskie
74%
Wyjść muszę, już nie mogę dłużej Deszcze, burze od skroni po móżdżek, tu dopiero Służew
74%
A teraz bądźcie cisi jak jacyś mnisi z Shaolin Bardzo mnie głowa boli, no słyszysz? Zaraz Natolin
69%
Nie znaleziono quizów pasujących do podanych kryteriów
Rozkład punktacji
Procent ludzi z każdym wynikiem
Percentyl według liczby udzielonych odpowiedzi
Twoja historia wyników
Nie rozwiązałeś tego quizu